000 00751nam a2200253Ia 4500
003 OSt
005 20220925210635.0
006 a|||||r|||| 00| 0
007 ta
008 220923b |||||||| |||| 00| 0 eng d
020 _a0813804004
037 _cGeneral Book
040 _aRTL
_cRTL
_beng
041 _2eng
_aeng
082 _aX9(J):8:(S:44), L7
100 _aAnderson Jock A
_9272856
245 0 _aAgricultural decision analysis
260 _aIowa
_bIowa State University Press
_c1977
300 _ax, 344p
_ccm.
700 _a Dillon John L
_9272857
700 _a Hardaker J Brian
_9272858
942 _hX9(J):8:(S:44), L7
_cGB
_2CC
999 _c555686
_d555686